| 000 | 01205nam a2200313Ia 4500 | ||
|---|---|---|---|
| 005 | 20170728111445.0 | ||
| 010 | _aBAC-EN21 ENG-112015 | ||
| 020 |
_a9788174369383 _c295.00 |
||
| 035 | _aEN-95547 | ||
| 035 | _aB-581026-057 | ||
| 035 | _aB-667351 | ||
| 037 |
_bAakar/Ven _adpl |
||
| 037 | _bDBAD/PUB | ||
| 082 | _a921 | ||
| 100 | _a Nag, Kingshuk | ||
| 245 |
_aThe Namo story : _cby Kingshuk Nag _ba political life / |
||
| 250 | _arev. ed | ||
| 260 |
_c2014 _aNew Delhi _bRoli Books |
||
| 270 |
_aM-75, Greater Kailash II Market _bNew Delhi _e110048 |
||
| 300 |
_c22cm(pbk) _axiv,206p.8 pages of plates : _bill. |
||
| 500 | _aIncludes index | ||
| 520 | _aPolitical biography of Narendra Modi, born 1950, chief minister of Gujarat, India. | ||
| 600 |
_aModī, Narendra, _d1950- |
||
| 650 |
_a Chief ministers _z India _zGujarat _v Biography. |
||
| 650 |
_aPoliticians _zIndia _zGujarat _v Biography. |
||
| 942 |
_cEN _2ddc _mNAG _h921 |
||
| 999 |
_c88784 _d88784 |
||